Экономические вопросы условий и охраны труда в черной металлургии

Detalhes bibliográficos
Autor principal: Зиньковский М. М. Михаил Михайлович
Idioma:russo
Publicado em: Москва, Металлургия, 1988
Edição:2-е изд., перераб. и доп.
Assuntos:
Formato: Livro
KOHA link:https://koha.lib.tpu.ru/cgi-bin/koha/opac-detail.pl?biblionumber=258030

MARC

LEADER 00000nam0a2200000 4500
001 258030
005 20231101233246.0
010 |a 5229000066 
035 |a (RuTPU)RU\TPU\book\280861 
090 |a 258030 
100 |a 20140422d1988 k y0rusy50 ca 
101 0 |a rus 
102 |a RU 
105 |a a z 001zy 
200 1 |a Экономические вопросы условий и охраны труда в черной металлургии  |f М. М. Зиньковский 
205 |a 2-е изд., перераб. и доп. 
210 |a Москва  |c Металлургия  |d 1988 
215 |a 48 с.  |c ил. 
320 |a Библиогр.: с. 48. 
606 1 |a Черная металлургия  |2 stltpush  |3 (RuTPU)RU\TPU\subj\18664  |9 87973 
610 1 |a охрана труда 
610 1 |a условия 
610 1 |a экономическое развитие 
610 1 |a экономический анализ 
610 1 |a условия труда 
610 1 |a управление 
610 1 |a стимулирование 
610 1 |a затраты 
675 |a 669.1:658.382  |v 3 
700 1 |a Зиньковский  |b М. М.  |g Михаил Михайлович 
801 1 |a RU  |b 63413507  |c 20140422 
801 2 |a RU  |b 63413507  |c 20140924  |g RCR 
942 |c BK